000 00672nam a2200217 a 4500
005 20240228063725.0
008 080218s2004 mx r 000 0 spa d
020 _a9707770074
035 _aUPN01000154263
049 _aI
050 4 _aQP37
_bB4.3
100 1 _aBeckelman, Laurie
245 1 3 _aEl cuerpo humano /
_cLaurie Becklman ; tr. Jordi Rizzo.
260 _aMéxico :
_bOcéano,
_c2004.
300 _a64 p. :
_bil. col.
440 4 _aLos exploradores de National Geographic
534 _pTraducción de:
_tThe Human Body
650 4 _aCuerpo humano
_vLiteratura infantil
_912325
650 4 _aANATOMIA HUMANA -
_vLITERATURA INFANTIL
_9577
905 _aInfantil
999 _c126380
_d126380